000 00785nam a2200253Ia 4500
001 18423
003 GE_BSU
008 181216s||||||||xx |||||||||||||| ||und||
020 _a978-1412937450
040 _cGE_BSU
080 _a005
100 _aHarrington,Brad. Hall, Douglas T.
245 _aCareer management & Work-Life integration
245 _bUsing Self-Assessment to Navigate Contemporary Careers
260 _aLos Angeles
260 _bSage
260 _c2007
300 _a234p. 25cm.
653 _aCareer management & Work-Life integration
653 _aUsing Self-Assessment to Navigate Contemporary Careers
653 _aკარიერა,მენეჯმეტი
653 _aორგანიზაციის მართვა
942 _cBK
999 _c51437
_d51437